000 00310nam a22001337a 4500
008 170524b xxu||||| |||| 00| 0 eng d
020 _a262190621
041 _aeng
080 _a621
100 _a26
101 _aIM
245 _aMASS TRANSFER IN HETEROGENEOUS CATALYSIS
_cSTTERFIELD,CH.N
942 _2udc
_cBK
999 _c14190
_d14190